| 000 | 00657cam a2200181 4500500 | ||
|---|---|---|---|
| 005 | 20251012004900.0 | ||
| 041 | _afre | ||
| 042 | _adc | ||
| 100 | 1 | 0 |
_aQuesnay, Paul _eauthor |
| 700 | 1 | 0 |
_a Arondel, Cécile _eauthor |
| 700 | 1 | 0 |
_a Blanchoz, Jean-Marie _eauthor |
| 700 | 1 | 0 |
_a Margat, Aurore _eauthor |
| 245 | 0 | 0 | _aAcadémie populaire de la santé: Evaluación de un dispositivo de formación para la promoción de la salud |
| 260 | _c2024. | ||
| 500 | _a19 | ||
| 786 | 0 | _nSanté Publique | 36 | HS1 | 2024-09-26 | p. 139-139 | 0995-3914 | |
| 856 | 4 | 1 | _uhttps://shs.cairn.info/revista-sante-publique-2024-HS1-page-139?lang=es&redirect-ssocas=7080 |
| 999 |
_c1515966 _d1515966 |
||